World capitals that start with S - Statistics

General Stats
  • This quiz has been taken 29 times
  • The average score is 14 of 18
Answer Stats
Hint Answer % Correct
San Marino San Marino
96%
Chile Santiago
96%
South Korea Seoul
91%
Singapore Singapore
91%
Bulgaria Sofia
91%
Bosnia and Herzegovina Sarajevo
87%
Sweden Stockholm
87%
El Salvador San Salvador
83%
North Macedonia Skopje
83%
São Tomé and Príncipe São Tomé
78%
Yemen Sana'a
74%
Bolivia Sucre
74%
Dominican Republic Santo Domingo
65%
Costa Rica San José
61%
Grenada St. George's
61%
Antigua and Barbuda St. John's
61%
Fiji Suva
57%
Sri Lanka Sri Jayawardenepura Kotte
52%
No matching quizzes found
Score Distribution
Percent of People with Each Score
Percentile by Number Answered
Your Score History
You have not taken this quiz